Statistics for Serie A Top 4

Click here to take the quiz!

General Stats

  • This quiz has been taken 512 times
    (427 since last reset)
  • The average score is 22 of 38

Answer Stats

Winner % Correct
Juventus
100%
AC Milan
100%
Inter Milan
100%
Napoli
97%
Inter Torino
97%
AS Roma
97%
Lazio
96%
US Milanese
95%
Fiorentina
91%
FC Torinese
88%
Torino
87%
Sampdoria
86%
Parma
83%
Atalanta
83%
Genoa
82%
Udinese
79%
Hellas Verona
78%
Bologna
77%
Cagliari
74%
Andrea Doria
71%
Chievo Verona
62%
Venezia
43%
Perugia
38%
Livorno
38%
Pro Vercelli
35%
AC Pisa
33%
Vicenza
27%
Modena
26%
Padova
24%
Ascoli
23%
Triestina
19%
Casale
17%
Alessandria
15%
Novese
13%
Sampierdarenese
6%
Fortitudo-Pro Roma
5%
Alba-Audace
5%
Savoia
4%

Score Distribution

Percentile by Number Answered

Percent of People with Each Score

Your Score History

You have not taken this quiz since the last reset